Ionescu na obrazovke

Podrobná bibliografia
Hlavný autor: Bobok, Jozef, 1924-2004 (Autor)
Médium: Článok
Jazyk:slovenčina
Predmet:

MARC

LEADER 00000nab a2200000 a 4500
001 vtls000496054
003 SK-MaSNL
005 20260303205959.0
008 240102c1993 xo 0 slo
015 |a SNBRB19rr/mm-uuuuu 
035 |a CL0496192 
040 |a SNKBUCL  |b slo  |c SNKBUCL  |e AACR2 
041 0 |a slo 
044 |a xo  |c SK 
080 |a 7.097  |2 1981 
100 1 |a Bobok, Jozef,  |d 1924-2004  |4 aut  |9 104720 
245 1 0 |a Ionescu na obrazovke  |c Jozef Bobok 
600 1 7 |a Ionesco, Eugéne,  |d 1912-1994  |t Kráľ umiera  |2 snkbucl  |9 1190998 
610 7 |a Slovenská televízia  |2 snkbucl  |9 115516 
655 7 |a články z novín a časopisov  |2 snkbucl  |9 267496 
773 0 |t Literárny týždenník  |g Roč. 6, č. 23 (1993), s. 14 
850 |a Slovenská národná knižnica v Martine  |a MTA001 
852 |a SNK  |b KIS3GCP 
957 |a 5100 
958 |a RK 
958 |a RO 
999 |c 2198138  |d 2200068